<?xml version="1.0" encoding="UTF-8"?>
<record
    xmlns:xsi="http://www.w3.org/2001/XMLSchema-instance"
    xsi:schemaLocation="http://www.loc.gov/MARC21/slim http://www.loc.gov/standards/marcxml/schema/MARC21slim.xsd"
    xmlns="http://www.loc.gov/MARC21/slim">

  <leader>01196cam a2200277 a 4500</leader>
  <controlfield tag="001">000006015</controlfield>
  <controlfield tag="005">20200929151903.0</controlfield>
  <controlfield tag="008">731217s1917    sp       b    001 0 spa  </controlfield>
  <datafield tag="040" ind1=" " ind2=" ">
    <subfield code="a">DO-SdBNP</subfield>
    <subfield code="c">OKentU</subfield>
    <subfield code="d">OCoLC</subfield>
    <subfield code="d">DLC</subfield>
    <subfield code="d">BNPHU</subfield>
  </datafield>
  <datafield tag="082" ind1=" " ind2=" ">
    <subfield code="a">928.61</subfield>
    <subfield code="b">G643e</subfield>
  </datafield>
  <datafield tag="100" ind1="1" ind2=" ">
    <subfield code="a">Gonz&#xE1;lez-Blanco, Andr&#xE9;s,</subfield>
    <subfield code="d">1886-1924.</subfield>
    <subfield code="9">16944</subfield>
  </datafield>
  <datafield tag="245" ind1="1" ind2="0">
    <subfield code="a">Escritores representativos de Am&#xE9;rica /</subfield>
    <subfield code="c">Andr&#xE9;s Gonz&#xE1;lez-Blanco.</subfield>
  </datafield>
  <datafield tag="260" ind1=" " ind2=" ">
    <subfield code="a">Madrid :</subfield>
    <subfield code="b">Am&#xE9;rica,</subfield>
    <subfield code="c">1917.</subfield>
  </datafield>
  <datafield tag="300" ind1=" " ind2=" ">
    <subfield code="a">351 p. ;</subfield>
    <subfield code="c">20 cm.</subfield>
  </datafield>
  <datafield tag="490" ind1="1" ind2=" ">
    <subfield code="a">Biblioteca Andr&#xE9;s Bello</subfield>
  </datafield>
  <datafield tag="505" ind1="0" ind2=" ">
    <subfield code="a">El cr&#xED;tico: Jos&#xE9; Enrique Rod&#xF3; .-- El Poligrafo: Rufino Blanco-Fombona .-- El ensayistas: Carlos Arturo Torres .-- El sociologo: Carlos Octavio Bunge .-- El poeta: Jos&#xE9; Santos Chocano.</subfield>
  </datafield>
  <datafield tag="650" ind1=" " ind2="4">
    <subfield code="a">Personajes literarios</subfield>
    <subfield code="9">16945</subfield>
  </datafield>
  <datafield tag="650" ind1=" " ind2="4">
    <subfield code="a">Literatura hispanoamericana</subfield>
    <subfield code="x">Historia y cr&#xED;tica</subfield>
    <subfield code="9">6273</subfield>
  </datafield>
  <datafield tag="600" ind1="1" ind2="4">
    <subfield code="a">RODO, JOS&#xC9; ENRIQUE,</subfield>
    <subfield code="d">1871-1917.</subfield>
    <subfield code="9">3052</subfield>
  </datafield>
  <datafield tag="600" ind1="1" ind2="4">
    <subfield code="a">BLANCO-FOMBONA, RUFINO,</subfield>
    <subfield code="d">1874-1944.</subfield>
    <subfield code="9">3877</subfield>
  </datafield>
  <datafield tag="600" ind1="1" ind2="4">
    <subfield code="a">TORRES, CARLOS ARTURO,</subfield>
    <subfield code="d">1867-1911.</subfield>
    <subfield code="9">16946</subfield>
  </datafield>
  <datafield tag="600" ind1="1" ind2="4">
    <subfield code="a">BUNGE, CARLOS OCTAVIO,</subfield>
    <subfield code="d">1875-1918.</subfield>
    <subfield code="9">16947</subfield>
  </datafield>
  <datafield tag="600" ind1="1" ind2="4">
    <subfield code="a">CHOCANO, JOS&#xC9; SANTOS,</subfield>
    <subfield code="d">1875-1934.</subfield>
    <subfield code="9">16948</subfield>
  </datafield>
  <datafield tag="830" ind1=" " ind2="0">
    <subfield code="a">Biblioteca Andr&#xE9;s Bello.</subfield>
    <subfield code="9">3963</subfield>
  </datafield>
  <datafield tag="910" ind1=" " ind2=" ">
    <subfield code="a">Catalogaci&#xF3;n derivada</subfield>
  </datafield>
  <datafield tag="952" ind1=" " ind2=" ">
    <subfield code="0">0</subfield>
    <subfield code="1">0</subfield>
    <subfield code="5">2</subfield>
    <subfield code="7">0</subfield>
    <subfield code="8">MO</subfield>
    <subfield code="a">GR</subfield>
    <subfield code="b">GR</subfield>
    <subfield code="c">CT</subfield>
    <subfield code="d">2009-08-25</subfield>
    <subfield code="i">LF1</subfield>
    <subfield code="l">0</subfield>
    <subfield code="o">928.61 G643e</subfield>
    <subfield code="p">6015-10</subfield>
    <subfield code="r">2020-06-25</subfield>
    <subfield code="w">2020-06-25</subfield>
    <subfield code="y">2</subfield>
    <subfield code="Z">Pr&#xE9;stamo interno</subfield>
  </datafield>
  <datafield tag="999" ind1=" " ind2=" ">
    <subfield code="c">5811</subfield>
    <subfield code="d">5811</subfield>
  </datafield>
</record>
